000 00245 a2200097 4500
001 7761
100 _aSmith, C E
245 _aApplied Mathematics for radio and communication engineers
260 _a
_bDover Publications
_c
090 _c6217
_d6217
942 _aNUST-CAE
_cM
_c32731
999 _c242834
_d242834